000 00832nam a22002297a 4500
003 DO-SdBNP
005 20180223133253.0
008 160311b 1996 sp a 00| 0 spa d
020 _a8492067233
040 _aBPMSU
_bspa
_cBPMSU
082 4 _axxxxx
_bxxxx
245 1 0 _a Encuentros con la literatura infantil /
_bedición Jorge Riobóo, Jaime García Padrino
_8
260 _aMadrid :
_bAsociación Española de Amigos del Libro Infantil y Juvenil,
_c1996.
300 _a82 p. :
_bil. ;
_c21 cm.
500 _aIncluye referencias bibliográficas y notas al pie de las páginas.
700 1 2 _aRiobóo, Jorge,
_eed.
700 1 2 _aGarcía Padrino, Jaime,
_eed.
710 1 0 _aAsociación Española de Amigos del Libro Infantil y Juvenil
942 _2ddc
_cBK
945 _aInventariado, 2018 / BT
956 _2LOPEREZ
_310
_6BPMSU
999 _c9193
_d9193